Normal view
MARC view
Entry Personal Name
001 - CONTROL NUMBER
- control field: 281185
003 - CONTROL NUMBER IDENTIFIER
- control field:
005 - DATE AND TIME OF LATEST TRANSACTION
- control field: 20210601211803.0
008 - FIXED-LENGTH DATA ELEMENTS
- fixed length control field: 210601|| aca||aabn | a|a d
040 ## - CATALOGING SOURCE
- Original cataloging agency:
- Transcribing agency:
100 ## - HEADING--PERSONAL NAME
- Personal name: Churchill, Randolph Henry Spencer,
- Titles and other words associated with a name: Lord,
- Dates associated with a name: 1849-1895
670 ## - SOURCE DATA FOUND
- Source citation: Work cat.: (): Rosebery,Archibald Philip Primrose, Earl of, Lord, 1847-1929 281184, Lord Randolph Churchill /, 1906
